00436nam a22001337a 4500003000600000005001700006008004100023040000800064082002400072100001900096245012500115260004500240300001700285GBCCL20241126110704.0220405b ||||| |||| 00| 0 eng d cgbc aARCH GBC-2020 bNGA aNgaithianmuang aA comparative study on Biblical and contemporary parenting in the context of Evangelical Baptist Convention in New Lamka aNew Lamka: bGrace Bible College, c2020 aviii, 53p. ;